Malá encyklopédia žurnalistiky

Salvato in:
Dettagli Bibliografici
Altri autori: Jacz, Ľudovít
Natura: Libro
Lingua:slovacco
Pubblicazione: Bratislava Obzor 1982
Tags: Aggiungi Tag
Nessun Tag, puoi essere il primo ad aggiungerne!!

MARC

LEADER 00000nam a2200000 4500
001 c130344
005 20041019155249.1
041 0 |a slo 
044 |a SK 
245 1 0 |a Malá encyklopédia žurnalistiky  |c Zostav. Ľudovít Jacz 
264 1 |a Bratislava  |b Obzor  |c 1982 
300 |a 570 s. 
700 1 |a Jacz, Ľudovít